Представление документа в формате RUSMARC

ПолеНазваниеЗначение
  Тип записи a
  Библиографический уровень m
001 Контрольный номер ee671cc3770d46b1a9b9084f514189fe
005 Дата корректировки 20140609101134.8
010 Индекс ISBN __
a ISBN 978-5-9957-0351-8
101 Язык документа 0_
a Язык текста rus
102 Страна публикации __
a Страна публикации RU
200 Заглавие и сведения об ответственности 1_
a Заглавие Трудовой кодекс Российской Федерации
e Сведения, относящиеся к заглавию по состоянию на 15 янв. 2011 г.
210 Выходные данные 1_
c Издательство Статус
a Место издания М.
d Дата издания 2011
215 Физическое описание __
a Объем 255, [1] с.
225 Серия 2_
a Серия Кодекс
610 Ключевые слова 0_
a Ключевые слова трудовой кодекс
610 Ключевые слова 0_
a Ключевые слова российская федерация
610 Ключевые слова 0_
a Ключевые слова социальное партнерство
610 Ключевые слова 0_
a Ключевые слова сфера труда
610 Ключевые слова 0_
a Ключевые слова трудовой договор
610 Ключевые слова 0_
a Ключевые слова персональные данные
610 Ключевые слова 0_
a Ключевые слова рабочее время
610 Ключевые слова 0_
a Ключевые слова отпуск
610 Ключевые слова 0_
a Ключевые слова заработная плата
610 Ключевые слова 0_
a Ключевые слова гарантии
610 Ключевые слова 0_
a Ключевые слова компенсации
610 Ключевые слова 0_
a Ключевые слова охрана труда
686 Индексы других классификаций __
a Классификационный индекс 67.627-32
2 Код системы rubbk
801 Источник записи _0
a Страна RU
b Организация РУК
c Дата составления 20110715
g Правила каталогизации PSBO
801 Источник записи _1
a Страна RU
b Организация РУК
c Дата составления 20110715
g Правила каталогизации PSBO
852 Данные о местонахождении __
j Шифр хранения ББК 67
i Авторский знак Т 78
901 Тип документа __
t Тип документа m
938 Служебная информация __
a Название организации Головной вуз
b Имя БД BOOK
c Название АИБС АИБС ИРБИС